| 000 | 00408nam a2200145Ia 4500 | ||
|---|---|---|---|
| 008 | 220726s9999||||xx |||||||||||||| ||und|| | ||
| 020 | _a9789386418487 | ||
| 082 |
_a610 _bGun/L |
||
| 100 | _aGunasekaran, P. | ||
| 245 | 0 | _aGunasekaran-Laboratory Manual in Microbiology: Second Edition | |
| 250 | _a2nd Edition | ||
| 260 |
_aNew Delhi _bNew Age International Publishers _c2018 |
||
| 300 | _a125 | ||
| 942 | _cPB | ||
| 999 |
_c38036 _d38036 |
||